000 00609nam a2200181Ia 4500
999 _c9913
_d9913
008 200103s 1983 ||||xx |||||||||||||| ||und||
082 _a623.8503
_bMAR
110 _aH.M.S.O.
245 0 _aMarine electrical pocket book (naval electrical pocket book)
260 _bMarina Books Corporation
_c1983
_aBombay
300 _avi, 413 p.: ill.
500 _aReprinted 1963 incorporating amendments nos. 1 to 5 and other minor amendments (Sta. 51350/61)
504 _aIncludes index
650 _aHandbook - Marine electrical
650 _aElectro-magnetism
650 _aD.C. generators
942 _cBK